Theory of Markov processes
Αποθηκεύτηκε σε:
| Κύριος συγγραφέας: | |
|---|---|
| Άλλοι συγγραφείς: | , |
| Μορφή: | Βιβλίο |
| Γλώσσα: | English Russian |
| Δημοσίευση: |
Mineola, N.Y. :
Dover,
2006.
|
| Σειρά: | Dover books on mathematics
|
| Θέματα: | |
| Ετικέτες: |
Προσθήκη ετικέτας
Δεν υπάρχουν, Καταχωρήστε ετικέτα πρώτοι!
|
MARC
| LEADER | 00000cam a2200000 i 4500 | ||
|---|---|---|---|
| 001 | 1/53375 | ||
| 008 | 070831s2006 gr | ||| |||| ||eng|| | ||
| 020 | |a 048645305- | ||
| 035 | |l 10090269 | ||
| 040 | |a GR-MyUA |b gre |e AACR2 | ||
| 041 | 1 | |a eng |h rus | |
| 082 | 0 | |a 519.233 |2 (22) | |
| 100 | 1 | |a Dynkin, E. B. | |
| 245 | 1 | 0 | |a Theory of Markov processes / |c E. B. Dynkin ; translated from the Russia by D.E. Brown ; edited by T. Kovary. |
| 260 | |a Mineola, N.Y. : |b Dover, |c 2006. | ||
| 300 | |a ix, [227] σ. ; |c 22 εκ. | ||
| 490 | 1 | |a (Dover books on mathematics) | |
| 500 | |a Τίτλος πρωτοτύπου: Osnovaniia teorii markovskikh protsessov. | ||
| 504 | |a Περιλαμβάνει βιβλιογραφία και ευρετήριο. | ||
| 650 | 0 | 0 | |a Markov processes. |
| 700 | 1 | |a Brown, Donald E. |e trl | |
| 700 | 1 | |a Kovari, T. |e edt | |
| 830 | 0 | |a Dover books on mathematics | |
| 852 | |a INST |b CHIOS |e 20070831 |h 519.233 DYN |p 005200025571 |q 005200025571 |t BK |y 0 | ||
| 901 | |a BIBL2-2007-2 | ||
| 909 | |a Χ |b 138893 | ||
| 922 | |a 2ΕΛΗ |b 200708 |c ΕΠΕΑΕΚ2/ΤΜΟΔ |d ΕΛΕΥΘΕΡΟΥΔΑΚΗΣ | ||
| 970 | |a ΒΑΣΙΛΑΚΗ |b ΝΙΚΗ |z 2007/08/31 | ||